LEADER 02268nam0 2200433 i 450 001 VAN0124376 005 20230703021019.686 017 70$2N$a9789811047749 100 $a20191015d2017 |0itac50 ba 101 $aeng 102 $aSG 105 $a|||| ||||| 200 1 $aGeneralized Nash Equilibrium Problems, Bilevel Programming and MPEC$fDidier Aussel, C. S. Lalitha editors 210 $aSingapore$cSpringer$d2017 215 $axiv, 124 p.$cill.$d24 cm 410 1$1001VAN0114003$12001 $aForum for interdisciplinary mathematics$1210 $aBerlin [etc.]$cSpringer 500 1$3VAN0235624$aGeneralized Nash Equilibrium Problems, Bilevel Programming and MPEC$91563120 606 $a00B25$xProceedings of conferences of miscellaneous specific interest [MSC 2020]$3VANC020732$2MF 606 $a90C33$xComplementarity and equilibrium problems and variational inequalities (finite dimensions) (aspects of mathematical programming) [MSC 2020]$3VANC023089$2MF 606 $a91-XX$xGame theory, economics, finance, and other social and behavioral sciences [MSC 2020]$3VANC025601$2MF 606 $a90-XX$xOperations research, mathematical programming [MSC 2020]$3VANC025650$2MF 606 $a91B52$xSpecial types of econimic equilibria [MSC 2020]$3VANC035252$2MF 610 $aBilevel Optimization Problem$9KW:K 610 $aElectricity Market$9KW:K 610 $aEquilibrium Constraints$9KW:K 610 $aMathematical programming$9KW:K 610 $aNash Equilibrium Problem$9KW:K 620 $aSG$dSingapore$3VANL000061 702 1$aAussel$bDidier$3VANV095817 702 1$aLalitha$bC. S.$3VANV095818 712 $aSpringer $3VANV108073$4650 801 $aIT$bSOL$c20240614$gRICA 856 4 $uhttp://doi.org/10.1007/978-981-10-4774-9$zE-book ? Accesso al full-text attraverso riconoscimento IP di Ateneo, proxy e/o Shibboleth 899 $aBIBLIOTECA DEL DIPARTIMENTO DI MATEMATICA E FISICA$1IT-CE0120$2VAN08 912 $fN 912 $aVAN0124376 950 $aBIBLIOTECA DEL DIPARTIMENTO DI MATEMATICA E FISICA$d08CONS e-book 0686 $e08eMF686 20191015 996 $aGeneralized Nash Equilibrium Problems, Bilevel Programming and MPEC$91563120 997 $aUNICAMPANIA LEADER 01459nas 2200433- 450 001 9910366556503321 005 20230125213019.0 011 $a2605-1982 035 $a(OCoLC)1138669735 035 $a(CKB)4100000010073250 035 $a(CONSER)--2020224005 035 $a(EXLCZ)994100000010073250 100 $a20200119a20189999 --- - 101 0 $aspa 135 $aur|n||||||||| 181 $ctxt$2rdacontent 182 $cc$2rdamedia 183 $acr$2rdacarrier 200 10$aComunicación y género 210 1$aMadrid, España :$cUniversidad Complutense de Madrid,$d2018- 300 $aSome numbers also have distinctive theme titles. 300 $aRefereed/Peer-reviewed 606 $aCommunication and sex$vPeriodicals 606 $aSex role$xSocial aspects$vPeriodicals 606 $aCommunication$xSex differences$vPeriodicals 606 $aSex role$xSocial aspects$2fast$3(OCoLC)fst01114634 606 $aCommunication$xSex differences$2fast$3(OCoLC)fst00870007 606 $aCommunication and sex$2fast$3(OCoLC)fst00870043 608 $aPeriodicals.$2fast 615 0$aCommunication and sex 615 0$aSex role$xSocial aspects 615 0$aCommunication$xSex differences 615 7$aSex role$xSocial aspects. 615 7$aCommunication$xSex differences. 615 7$aCommunication and sex. 906 $aJOURNAL 912 $a9910366556503321 996 $aComunicación y género$92580385 997 $aUNINA